[Event "JUG-ch"]
[Site "Banja Vrucica"]
[Date "1991.??.??"]
[Round "?"]
[White "Mujagic, Ramo"]
[Black "Bistric, Faruk"]
[Result "0-1"]
[WhiteElo "2315"]
[BlackElo "2330"]

1.e4 c5 2.Nf3 e6 3.d4 cxd4 4.Nxd4 a6 5.Nc3 Qc7 6.Bd3 Nc6 7.Be3 Nf6 8.a3 Ne5
9.h3 b5 10.f4 Nc4 11.Bxc4 Qxc4 12.e5 Nd5 13.Nxd5 Qxd5 14.O-O Bb7 15.Qd2 Be7
16.Rad1 Rd8 17.Qe2 Qe4 18.Rd2 d6 19.exd6 Rxd6 20.Qf2 O-O 21.c3 Rd5 22.Re1 Qg6
23.Rde2 Rh5 24.Nf3 Bf6 25.Kh2 Rd8 26.Rf1 h6 27.Rd2 Rxd2 28.Bxd2 Rd5 29.Nd4 Bxd4
30.cxd4 Rxd4 31.Re1 Bd5 32.Re2 Rd3 33.Re3 Rxe3 34.Bxe3 Qe4 35.Bd2 f6 36.Bc3 Kh7
37.Qd2 Kg6 38.Qf2 Kh7 39.Qd2 h5 40.Qf2 Qf5 41.Bd4 Qe4 42.Bc5 Kg6 43.Bf8 Kf7
44.Bb4 Qd3 45.Bc3 Qc4 46.Ba5 Qc6 47.Bc3 Be4 48.Kg1 Qc7 49.Qd2 Kg6 50.Qf2 Qd7
51.Qd4 Qc6 52.Qf2 Qd5 53.Qg3+ Kf7 54.Qf2 Qd3 55.Qd2 Qc4 56.Qd7+ Kg6 57.f5+ exf5
58.Qe8+ Qf7 59.Qxf7+ Kxf7 60.h4 f4 61.Kf2 Ke6 62.Bb4 Kf5 63.Bf8 g5 64.Be7 Kg4  0-1

[Event "BUL-chT"]
[Site "Bankia"]
[Date "1991.??.??"]
[Round "7"]
[White "Simeonov, Stefan"]
[Black "Kurtenkov, Atanas"]
[Result "0-1"]
[WhiteElo "2350"]
[BlackElo "2365"]

1.e4 c5 2.Nf3 e6 3.d4 cxd4 4.Nxd4 a6 5.Nc3 Qc7 6.Be2 b5 7.O-O Bb7 8.Bf3 d6
9.Re1 Nd7 10.a4 bxa4 11.Rxa4 Ngf6 12.Nd5 exd5 13.exd5+ Ne5 14.Bf4 Nxd5 15.Bxe5 dxe5
16.Nf5 O-O-O 17.Qe2 Kb8 18.Rc4 Nf4 19.Qf1 Qa5 20.Bxb7 Kxb7 21.g3 Ne6 22.Rc3 Nd4
23.Nxd4 Rxd4 24.Rb3+ Rb4 25.Qc4 Bd6 26.Qxf7+ Qc7 27.Qd5+ Qc6 28.Qf7+ Ka8
29.Rc3 Qb7 30.Qe6  0-1

[Event "Belgrade-A"]
[Site "Belgrade"]
[Date "1991.??.??"]
[Round "2"]
[White "Landa, Konstantin"]
[Black "Raicevic, Vladimir"]
[Result "1-0"]
[WhiteElo "2460"]
[BlackElo "2440"]

1.e4 c5 2.Nc3 e6 3.Nf3 a6 4.d4 cxd4 5.Nxd4 Qc7 6.Be2 Nf6 7.O-O Bb4 8.Qd3 Nc6
9.Nxc6 bxc6 10.f4 d5 11.e5 Nd7 12.Na4 a5 13.Qg3 O-O 14.Be3 Be7 15.c4 Ba6
16.Rac1 c5 17.b3 d4 18.Bd2 Bb7 19.Rce1 f5 20.exf6 Rxf6 21.Bg4 Nf8 22.h4 h5
23.Bxh5 Rh6 24.Qg4 Qc6 25.Rf3 g6 26.Rg3 Kh8 27.f5 exf5 28.Qe2 Rh7 29.Bf3 Qc7
30.Bxb7 Qxb7 31.Qe5+ Kg8 32.Bg5 Bxg5 33.hxg5 Nd7 34.Qd6 Qb8 35.Qxg6+ Kh8
36.Re7 Nf8 37.Qf6+ Kg8 38.Rxh7 Nxh7 39.Qe6+ Kh8 40.Rh3 Qg8 41.Qxf5  1-0

[Event "Belgrade-C"]
[Site "Belgrade"]
[Date "1991.??.??"]
[Round "4"]
[White "Ciric, Dragoljub M"]
[Black "Averkin, Orest N"]
[Result "1/2-1/2"]
[WhiteElo "2380"]
[BlackElo "2470"]

1.e4 c5 2.Nf3 e6 3.Nc3 a6 4.d4 cxd4 5.Nxd4 Qc7 6.g3 Nf6 7.Bg2 Be7 8.O-O d6
9.Nce2 O-O 10.b3 Re8 11.c4 Nbd7 12.Bb2  1/2-1/2

[Event "Bern op"]
[Site "Bern"]
[Date "1991.??.??"]
[Round "2"]
[White "Turner, Matthew"]
[Black "Gheorghiu, Florin"]
[Result "1/2-1/2"]
[WhiteElo "2225"]
[BlackElo "2495"]

1.e4 c5 2.Nf3 e6 3.d4 cxd4 4.Nxd4 a6 5.Nc3 Qc7 6.Be2 b5 7.a3 Bb7 8.Be3 Nf6
9.f3 d6 10.O-O Nbd7 11.Nb3 Be7 12.Qe1 O-O 13.g4 Ne5 14.Nd2 d5 15.g5 Nfd7
16.f4 Nc4 17.Nxc4 dxc4 18.Bf3 Bc5 19.Qf2 e5 20.f5 Bxe3 21.Qxe3 Qc5 22.Kf2 Rfd8
23.Rad1 Qxe3+ 24.Kxe3 Nc5 25.Rxd8+ Rxd8 26.Rd1 Rxd1 27.Bxd1 f6 28.gxf6 gxf6
29.b3  1/2-1/2

[Event "Biel op"]
[Site "Biel"]
[Date "1991.??.??"]
[Round "5"]
[White "Todorovic, Goran M"]
[Black "Milosevic, Goran"]
[Result "0-1"]
[WhiteElo "2435"]
[BlackElo "2405"]

1.e4 c5 2.Nf3 e6 3.d4 cxd4 4.Nxd4 a6 5.Nc3 Qc7 6.Bd3 Nc6 7.Nxc6 dxc6 8.a4 a5
9.O-O Bd6 10.Kh1 e5 11.Bc4 Nf6 12.Bg5 Be7 13.f4 h6 14.Bxf6 Bxf6 15.f5 h5
16.Qd2 Bd7 17.Qe3 Rd8 18.Bb3 Bc8 19.Qc5 Rd7 20.Ne2 b6 21.Qc4 Bb7 22.Rae1 h4
23.Rf3 Qc8 24.Qc3 O-O 25.Bc4 Rfd8 26.Rd3 c5 27.Bb5 Rd6 28.Red1 Rxd3 29.cxd3 Bxe4
30.Qb3 Ba8 31.Nc3 Qxf5 32.Ne4 h3 33.Kg1 Bxe4 34.dxe4 Rxd1+ 35.Qxd1 Qxe4 36.gxh3 g6
37.Qg4 Qd4+ 38.Kf1 Qxb2 39.Bc4 Kg7  0-1

[Event "Biel op (Women)"]
[Site "Biel"]
[Date "1991.??.??"]
[Round "6"]
[White "Stangl, Anita"]
[Black "Veroci, Zsuzsa"]
[Result "0-1"]
[WhiteElo "2095"]
[BlackElo "2325"]

1.e4 c5 2.Nf3 e6 3.d4 cxd4 4.Nxd4 a6 5.Nc3 Qc7 6.Bd3 Nc6 7.Nde2 Nf6 8.O-O b5
9.Ng3 Be7 10.Kh1 O-O 11.f4 d6 12.f5 b4 13.Na4 Ne5 14.Be3 Rb8 15.b3 d5 16.Nh5 dxe4
17.Nxf6+ Bxf6 18.Bxe4 exf5 19.Bxf5 Bxf5 20.Rxf5 Rbd8 21.Qg1 Qxc2 22.Rxf6 gxf6
23.Bc5 Nd3 24.Bb6 Rd5 25.Qe3 Rg5 26.Rg1 Ne5 27.Qf4 Qf5 28.Qxb4 Nf3 29.Rf1 Qc2
30.Bf2 Nd2 31.Rg1 Ne4 32.Be3 Ng3+  0-1

[Event "Bled op"]
[Site "Bled"]
[Date "1991.??.??"]
[Round "?"]
[White "Grinfeld, Alla B"]
[Black "Grosar, Kiti"]
[Result "1-0"]
[WhiteElo "2225"]
[BlackElo "2075"]

1.e4 c5 2.Nf3 e6 3.Nc3 a6 4.d4 cxd4 5.Nxd4 Qc7 6.Bd3 Nc6 7.Nb3 Nf6 8.O-O Be7
9.f4 d6 10.Kh1 O-O 11.Bd2 b5 12.a3 Bb7 13.Qe2 b4 14.axb4 Nxb4 15.Na5 Bc8
16.e5 dxe5 17.fxe5 Nfd5 18.Nxd5 exd5 19.Bxb4 Bxb4 20.Nb3 Re8 21.Bxa6 Rxe5
22.Qd3 Bxa6 23.Rxa6 Rxa6 24.Qxa6 Qxc2 25.Qb7 Qf5 26.Nd2 Qe6 27.Qxb4 h6 28.Nf3 Re4
29.Qb8+ Kh7 30.h3 Qf6 31.Nd2 Qa6 32.Rxf7 Re1+ 33.Kh2 Qa1 34.Nf3 Re2 35.Qf4  1-0

[Event "Latin Cup Final"]
[Site "Bogota"]
[Date "1991.??.??"]
[Round "5"]
[White "Milos, Gilberto"]
[Black "Zapata, Alonso"]
[Result "0-1"]
[WhiteElo "2530"]
[BlackElo "2530"]

1.e4 c5 2.Nf3 e6 3.d4 cxd4 4.Nxd4 a6 5.Nc3 Qc7 6.Be2 Nc6 7.O-O Nf6 8.Be3 Bb4
9.Na4 Be7 10.Nxc6 bxc6 11.Nb6 Rb8 12.Nxc8 Qxc8 13.e5 Nd5 14.Bc1 Bc5 15.Bd3 Qc7
16.Qe2 Bd4 17.Re1 Bxb2 18.Bxb2 Rxb2 19.Bxa6 O-O 20.Bc4 Rb4 21.g3 f6 22.exf6 Rxf6
23.Bd3 c5 24.a4 Qa7 25.a5 Rd4 26.Rf1 Rb4 27.a6 Rb6 28.Qh5 g6 29.Qg5 Kg7 30.h4 h6
31.Qe5 d6 32.Qe2 h5 33.Rfe1 Rb4 34.Bc4 Nc7 35.Reb1 d5 36.Rxb4 cxb4 37.Bd3 Qd4
38.Rd1 e5 39.Bxg6 Rxf2 40.Rxd4 Rxe2 41.Bd3 Re1+ 42.Kf2 Rb1  0-1

[Event "CSR-ch"]
[Site "Bratislava"]
[Date "1991.??.??"]
[Round "6"]
[White "Prandstetter, Eduard"]
[Black "Langner, Ladislav"]
[Result "1/2-1/2"]
[WhiteElo "2430"]
[BlackElo "2380"]

1.e4 c5 2.Nf3 e6 3.d4 cxd4 4.Nxd4 a6 5.Nc3 Qc7 6.Bd3 b5 7.O-O Bb7 8.Re1 d6
9.f4 Nd7 10.a3 Ngf6 11.f5 e5 12.Nb3 Be7 13.Qf3 Nb6 14.Bg5 Rc8 15.Rad1 O-O
16.Kh1 Rfe8 17.Nd2 h6 18.Bxf6 Bxf6 19.Nf1 Qc5 20.Ne3 b4 21.axb4 Qxb4 22.Ng4 Nd7
23.Qe2 Bh4 24.Rf1 Qxb2 25.Rb1 Qxc3 26.Rxb7 Nf6 27.Ne3 Bg5 28.Nc4 Red8 29.Rb3 Qd4
30.c3 Qc5 31.Nb6 Rb8 32.Rfb1 Qe3 33.Qxe3 Bxe3 34.Nd5 Rxb3 35.Nxf6+ gxf6 36.Rxb3 a5
37.Rb7 Rc8 38.g3 Rxc3 39.Be2 Rc1+ 40.Kg2 Rc2 41.Kf3 Bc5 42.Rb8+ Kg7 43.Ra8 Ra2
44.g4 a4 45.Bc4 Ra3+ 46.Kg2 Ra1 47.Bd5 a3 48.h4 Rg1+ 49.Kf3 Rf1+ 50.Kg3 Rg1+
51.Kf3 Rf1+ 52.Kg3 Rc1 53.h5 Rc3+ 54.Kg2 Be3 55.Kf1 Bc5 56.Kg2 Rd3 57.Kh2 Rd2+
58.Kg3 Bf2+ 59.Kf3 Bc5 60.Kg3 Rd1 61.Kg2 Ra1 62.Kg3 Bd4 63.Kg2 Rg1+ 64.Kh2 Ra1
65.Kg2 Bc5 66.Kg3 Rb1 67.Kg2 Rb5 68.Kf3 Rb2 69.Kg3 Rc2 70.Kf3 Rc3+ 71.Kg2  1/2-1/2

[Event "CSR-ch"]
[Site "Bratislava"]
[Date "1991.??.??"]
[Round "9"]
[White "Mrva, Martin"]
[Black "Rasik, Vitezslav"]
[Result "1/2-1/2"]
[WhiteElo "2390"]
[BlackElo "2410"]

1.e4 c5 2.Nf3 e6 3.Nc3 a6 4.d4 cxd4 5.Nxd4 d6 6.f4 Nf6 7.Nf3 Be7 8.Bd3 Nbd7
9.O-O Nc5 10.Kh1 b5 11.a3 Bb7 12.Qe1 O-O 13.Bd2 Rc8 14.b4 Nxd3 15.cxd3 Nd7
16.Qg3 Bf6 17.Rac1 Nb6 18.Qh3 e5 19.Ne2 Qd7 20.Qg3 Qe7 21.fxe5 dxe5 22.d4 Nc4
23.Bc3 exd4 24.Nfxd4 Qc7 25.Rxf6 Qxg3 26.Nxg3 gxf6 27.Ndf5 Rfe8 28.Nh5 Rc6
29.Rd1 Ne3 30.Nh6+ Kf8 31.Rd7 Re7 32.Rd8+ Re8 33.Rd7  1/2-1/2

[Event "Brocco op"]
[Site "Brocco"]
[Date "1991.??.??"]
[Round "6"]
[White "Ciric, Dragoljub M"]
[Black "Hort, Vlastimil"]
[Result "1/2-1/2"]
[WhiteElo "2380"]
[BlackElo "2540"]

1.e4 c5 2.Nf3 e6 3.Nc3 a6 4.d4 cxd4 5.Nxd4 b5 6.Bd3 Bb7 7.O-O Ne7 8.Bg5 f6
9.Be3 Nbc6 10.Nxc6 Nxc6 11.f4 Qe7 12.Re1 Qf7 13.a4 b4 14.Nb1 Be7 15.Nd2 O-O
16.Nb3 d6 17.Bc4 f5 18.exf5 Qxf5 19.Nd4 Nxd4 20.Bxd4 d5 21.Bf1 Bf6 22.g3 Rac8
23.Bxf6 Qxf6 24.Bh3 Kh8 25.Re5  1/2-1/2

[Event "Bucharest (Women)"]
[Site "Bucharest"]
[Date "1991.??.??"]
[Round "?"]
[White "Safranska, Anda"]
[Black "Ionita, Mariana"]
[Result "1-0"]
[WhiteElo "2235"]
[BlackElo "2090"]

1.e4 e6 2.d4 c5 3.Nf3 cxd4 4.Nxd4 a6 5.Nc3 Qc7 6.f4 d6 7.Be2 b5 8.O-O Bb7
9.Bf3 Nd7 10.f5 e5 11.Nb3 Ngf6 12.Be3 Rc8 13.a3 Be7 14.Rf2 Nb6 15.Na5 Ba8
16.Qd2 Nbd7 17.Nd5 Nxd5 18.exd5 Nf6 19.Bg5 h6 20.Bxf6 Bxf6 21.Nc6 Qb6 22.Re1 O-O
23.c3 Rc7 24.g3 Bb7 25.Kg2 Bc8 26.Be4 Bd7 27.h4 Qc5 28.Qe3 Qxe3 29.Rxe3 Kh7
30.Rc2 Rb7 31.Re1 Kg8 32.Rd2 Bd8 33.Ra1 Bb6 34.a4 bxa4 35.Rxa4 Ra8 36.b4 Rc7
37.Rda2 Bc8 38.Kh1 Bb7 39.g4 Re8 40.c4 Rcc8 41.g5 f6 42.Rg2 hxg5 43.hxg5 fxg5
44.Rxg5 Kf7 45.Rg6 Bc7 46.Ra2 Rh8+ 47.Rh2 Rcg8 48.c5 Rxh2+  1-0

[Event "Bucharest (Women)"]
[Site "Bucharest"]
[Date "1991.??.??"]
[Round "?"]
[White "Marin Ionescu, Luiza"]
[Black "Ionita, Mariana"]
[Result "1/2-1/2"]
[WhiteElo "2125"]
[BlackElo "2090"]

1.e4 c5 2.Nf3 e6 3.d4 cxd4 4.Nxd4 a6 5.Nc3 Qc7 6.Bd3 Nf6 7.O-O d6 8.Qe2 Nbd7
9.Kh1 Be7 10.f4 b5 11.Bd2 Bb7 12.a4 b4 13.Na2 Nc5 14.e5 dxe5 15.fxe5 Nfd7
16.Rae1 Nxd3 17.Qxd3 O-O 18.Qg3 Qc4 19.Bh6 g6 20.Bxf8 Rxf8 21.Nb3 Bh4 22.Qe3 Bxe1
23.Rxe1 Qxc2 24.Re2 Qd1+ 25.Re1 Qc2 26.Re2 Qf5 27.h3 Qb1+ 28.Nac1 Bd5 29.Nc5 Nxc5
30.Qxc5 Qa1 31.a5 Qa4 32.Kh2 b3 33.Nd3 Qc4 34.Qe3 Rc8 35.Nf4 Qb5 36.Qg3 Rc2
37.Qg5 Qb8 38.Re3 h6 39.Qxh6 Bxg2 40.Nxg2 Qb7 41.Qg5 Qd5 42.Qg3 Rxb2  1/2-1/2

[Event "Bucharest (Women)"]
[Site "Bucharest"]
[Date "1991.??.??"]
[Round "?"]
[White "Iosif, Cristina S"]
[Black "Ionita, Mariana"]
[Result "1/2-1/2"]
[WhiteElo "2160"]
[BlackElo "2090"]

1.e4 c5 2.Nf3 e6 3.d4 cxd4 4.Nxd4 a6 5.Nc3 Nf6 6.e5 Ng8 7.Be3 d6 8.exd6 Bxd6
9.Qd2 Be7 10.O-O-O Nf6 11.Be2 e5 12.Nf3 Qxd2+ 13.Rxd2 Nc6 14.a3 O-O 15.Nd5 Nxd5
16.Rxd5 Be6 17.Rdd1 Rad8 18.Bb6 Rxd1+ 19.Rxd1 Rc8 20.c3  1/2-1/2

[Event "Cansys IM-B"]
[Site "Budapest"]
[Date "1991.??.??"]
[Round "1"]
[White "Sziva, Erika"]
[Black "Summermatter, Daniel"]
[Result "0-1"]
[WhiteElo "2245"]
[BlackElo "2320"]

1.e4 c5 2.Nf3 e6 3.Nc3 a6 4.d4 cxd4 5.Nxd4 d6 6.a4 Nc6 7.f4 Be7 8.Nf3 Nf6
9.Bd3 O-O 10.O-O Qc7 11.Kh1 b6 12.Qe1 Bb7 13.e5 Nd7 14.exd6 Qxd6 15.Ne4 Qc7
16.Bd2 Nf6 17.Nfg5 g6 18.Qh4 h5 19.Qg3 Nxe4 20.Bxe4 Nd4 21.Bxb7 Qxb7 22.c3 Nf5
23.Qe1 Rad8 24.Be3 Rd3 25.Rf3 Bxg5 26.fxg5 Rfd8 27.Rxf5 exf5 28.Bd4 Qe4 29.Qf2 R8xd4
30.cxd4 Qxd4 31.Qxd4 Rxd4 32.h3 Rb4 33.Ra2 Kf8 34.Kg1 Ke7 35.Kf2 Ke6 36.Kf3 Ke5
37.Ra3 f4 38.a5 b5 39.Rc3 Rxb2 40.Rc6 Rb3+ 41.Kf2 Ra3 42.Rxa6 Kf5  0-1

[Event "Budapest IM"]
[Site "Budapest"]
[Date "1991.??.??"]
[Round "4"]
[White "Almasi, Istvan"]
[Black "Horvath, Csaba"]
[Result "0-1"]
[WhiteElo "2280"]
[BlackElo "2460"]

1.e4 c5 2.Nf3 e6 3.Nc3 a6 4.d4 cxd4 5.Nxd4 Qc7 6.g3 Nf6 7.Bg2 Be7 8.O-O O-O
9.Be3 Nc6 10.f4 d6 11.Qe2 Rb8 12.Rad1 Re8 13.h3 Na5 14.Bc1 Nd7 15.Qh5 Bf6
16.Kh2 b5 17.f5 Bb7 18.Nce2 g6 19.fxg6 hxg6 20.Qf3 Re7 21.c3 Nc4 22.b3 Nce5
23.Qf2 Bg7 24.Bg5 Ree8 25.Qe3 Rbc8 26.Rf2 d5 27.Rdf1 Nc5 28.Bf6 Ncd3 29.Bxe5 Nxe5
30.exd5 Bxd5 31.Bxd5 exd5 32.Qd2 Qc5 33.Nf4 Qxc3 34.Nxd5 Qc5 35.Nf6+ Bxf6
36.Rxf6 Rcd8 37.Rd1 Re6 38.Rxe6 fxe6 39.Kh1 Qd5+ 40.Qg2 Qxg2+  0-1

[Event "Spring op"]
[Site "Budapest"]
[Date "1991.??.??"]
[Round "5"]
[White "Malyakin, Pavel"]
[Black "Izsak, Gyula"]
[Result "1/2-1/2"]
[WhiteElo "2435"]
[BlackElo "2285"]

1.e4 c5 2.Nf3 e6 3.d4 cxd4 4.Nxd4 a6 5.Nc3 Qc7 6.g3 Bb4 7.Ne2 Nf6 8.Bg2 Be7
9.O-O Nc6 10.h3 O-O 11.a4 Rb8 12.Nd4 Nxd4 13.Qxd4 Rd8 14.Bf4 d6 15.e5 Ne8
16.exd6 Bxd6 17.Rad1 e5 18.Bxe5 Bxh3 19.Bxd6 Rxd6 20.Qe4 Bxg2 21.Kxg2 Nf6
22.Qf3 Rxd1 23.Rxd1 Rc8 24.Nd5 Nxd5 25.Qxd5 g6 26.c3 Re8 27.Qd7 Re7 28.Qd5 Qb6
29.a5 Qf6 30.Rd4 Rc7 31.Re4 Kg7 32.Re8 Qc6 33.Qxc6 Rxc6 34.Re7 b6  1/2-1/2

[Event "Budapest IM (Women)"]
[Site "Budapest"]
[Date "1991.??.??"]
[Round "5"]
[White "Ghinda, Eugenia"]
[Black "Honfi, Karolyne"]
[Result "1-0"]
[WhiteElo "2135"]
[BlackElo "2095"]

1.e4 c5 2.Nf3 e6 3.Nc3 a6 4.d4 cxd4 5.Nxd4 Qc7 6.Bd3 Nf6 7.O-O Bb4 8.Bd2 Be7
9.Qe2 d6 10.Kh1 Nc6 11.Nxc6 bxc6 12.f4 Nd7 13.Na4 O-O 14.c4 Bb7 15.Rf3 e5
16.Rh3 g6 17.f5 d5 18.Qe3 Rfe8 19.Qh6 Nf8 20.Rf1 d4 21.f6 Bxf6 22.Rxf6 Bc8
23.Rhf3 Be6 24.Nc5 Re7 25.Bb4 a5 26.Nxe6 Rxe6 27.Bxf8 Rxf8 28.Rh3 Rfe8 29.Qxh7+ Kf8
30.Qh8+ Ke7 31.Rxe6+  1-0

[Event "Budapest IM (Women)"]
[Site "Budapest"]
[Date "1991.??.??"]
[Round "7"]
[White "Derlich, Karin"]
[Black "Honfi, Karolyne"]
[Result "1/2-1/2"]
[WhiteElo "2110"]
[BlackElo "2095"]

1.e4 c5 2.Nf3 e6 3.d4 cxd4 4.Nxd4 a6 5.Nc3 Qc7 6.g3 Nc6 7.Bg2 Nf6 8.O-O Be7
9.Re1 O-O 10.Nxc6 dxc6 11.e5 Nd5 12.Ne4 Qxe5 13.c4 Nf6 14.Bg5 Qa5 15.Nxf6+ Bxf6
16.Bxf6 gxf6 17.Qf3 Qg5 18.Rad1 e5 19.Qb3 a5 20.c5 a4 21.Qb4 Qg4 22.Qxg4+ Bxg4
23.Rd6 Be6 24.a3 Ra5 25.Rc1 Rb5 26.Rc2 Kg7 27.Bf1 Rb3 28.Kg2 Ra8 29.Rxe6 fxe6
30.Bc4 b5 31.Bxb3 axb3 32.Rc3 Ra4 33.Rxb3 Kf7 34.Rd3 Ke7 35.Rd6 b4 36.Rxc6 bxa3
37.bxa3 Rxa3 38.Rc7+ Kd8 39.Rxh7 Rc3 40.h4 Rxc5 41.Rf7 f5 42.h5 Ke8 43.Rg7 Kf8
44.h6 Rc8 45.Rd7 Kg8 46.Re7 Rc6 47.Kh3 e4 48.Kh4 f4 49.gxf4 e5 50.Kg5 exf4
51.Rxe4 f3 52.Rf4 Rc5+ 53.Rf5 Rc1 54.Rxf3 Rg1+ 55.Rg3 Rf1 56.f4 Kh7 57.Rh3 Rg1+
58.Kf5 Ra1 59.Kg5 Rg1+ 60.Kf5 Ra1 61.Kf6 Ra6+ 62.Kg5 Rg6+ 63.Kf5 Ra6 64.Rh1 Rb6
65.Rh2 Ra6 66.Re2 Rxh6 67.Re6 Rh5+ 68.Kf6 Rh6+ 69.Kf7 Rh5 70.Re5 Rh6 71.Rg5 Rh2
72.f5 Rh1 73.f6 Rh2 74.Kf8 Ra2 75.Re5 Kg6 76.f7 Kf6 77.Re8 Rh2 78.Re6+ Kxe6
79.Ke8  1/2-1/2

[Event "Autoteam"]
[Site "Budapest"]
[Date "1991.??.??"]
[Round "8"]
[White "Almasi, Zoltan"]
[Black "Fogarasi, Tibor"]
[Result "0-1"]
[WhiteElo "2400"]
[BlackElo "2420"]

1.e4 c5 2.Nf3 e6 3.d4 cxd4 4.Nxd4 a6 5.Nc3 Qc7 6.g3 Nf6 7.Bg2 Be7 8.O-O O-O
9.f4 d6 10.g4 Nc6 11.Nxc6 bxc6 12.g5 Ne8 13.f5 exf5 14.exf5 d5 15.Kh1 Bd6
16.h4 Rb8 17.Ne2 Be5 18.c3 Nd6 19.f6 g6 20.Qe1 Bg4 21.Bf4 Bxf4 22.Nxf4 Rxb2
23.Qg3 Bf5 24.h5 Be4 25.Qh2 Nf5 26.Rg1 Rfb8 27.Rae1 Rf2 28.hxg6 hxg6  0-1

[Event "Cansys GM-Nov"]
[Site "Budapest"]
[Date "1991.??.??"]
[Round "9"]
[White "Berebora, Ferenc"]
[Black "Van Mil, Johannes A J"]
[Result "1/2-1/2"]
[WhiteElo "2310"]
[BlackElo "2430"]

1.e4 c5 2.Nf3 e6 3.Nc3 a6 4.d4 cxd4 5.Nxd4 Nc6 6.f4 Nge7 7.Nb3 Ng6 8.Bd3 Be7
9.O-O O-O 10.Qh5 f6 11.a4 b6 12.Be3  1/2-1/2

[Event "Cansys IM-B"]
[Site "Budapest"]
[Date "1991.??.??"]
[Round "13"]
[White "Piroska, Istvan"]
[Black "Stajcic, Nikola"]
[Result "1-0"]
[WhiteElo "2255"]
[BlackElo "2345"]

1.e4 c5 2.Nf3 e6 3.d4 cxd4 4.Nxd4 a6 5.Nc3 Qc7 6.Bd3 Nf6 7.Nb3 b5 8.f4 Bb7
9.Qe2 d6 10.g4 b4 11.Nd1 d5 12.e5 Ne4 13.Nf2 Nxf2 14.Qxf2 Nd7 15.Rf1 h5 16.gxh5 Rxh5
17.Be3 g6 18.O-O-O Rc8 19.Qe2 Rh3 20.Bd4 Nc5 21.Kb1 Be7 22.Qg2 Rh6 23.Rfe1 Kd7
24.Rc1 Rch8 25.Bg1 Rh4 26.Qf2 Ne4 27.Qd4 Ke8 28.Qa7 Bd8 29.Bxe4 dxe4 30.c3 e3
31.Qxe3 Qc4 32.Qa7 Be4+ 33.Ka1 Rxf4 34.cxb4 Qxb4 35.Nc5 Bh4 36.Nxe4 Qxe1
37.Rxe1 Kf8 38.Ng3 Kg7 39.Be3 Rf3 40.Qb7  1-0

[Event "GEBA"]
[Site "Buenos Aires"]
[Date "1991.??.??"]
[Round "5"]
[White "Van Riemsdijk, Herman C"]
[Black "Valiente, Cristobal"]
[Result "1-0"]
[WhiteElo "2450"]
[BlackElo "2370"]

1.e4 c5 2.Nf3 e6 3.d4 cxd4 4.Nxd4 a6 5.Nc3 Nc6 6.g3 Nge7 7.Be3 b5 8.Bg2 Nxd4
9.Bxd4 Nc6 10.O-O Bb7 11.Re1 Rc8 12.Re2 Nxd4 13.Qxd4 Rc4 14.Qd3 Bc5 15.Nd1 O-O
16.c3 Be7 17.Ne3 Rc5 18.Rd2 d6 19.a4 Qc7 20.axb5 axb5 21.Ra3 Ra8 22.e5 d5
23.Rxa8+ Bxa8 24.Qd4 Rc6 25.h4 Ra6 26.Nc2 Bc5 27.Qd3 Bc6 28.Qe2 Bd7 29.Nd4 Ra1+
30.Kh2 b4 31.c4 dxc4 32.Qxc4 Ra2 33.Rc2 Qxe5 34.Qxc5  1-0

[Event "Buenos Aires Konex"]
[Site "Buenos Aires"]
[Date "1991.??.??"]
[Round "8"]
[White "Gomez Baillo, Jorge H"]
[Black "Giardelli, Sergio C"]
[Result "1/2-1/2"]
[WhiteElo "2425"]
[BlackElo "2435"]

1.e4 c5 2.Nf3 e6 3.d4 cxd4 4.Nxd4 a6 5.Nc3 Qc7 6.Bd3 Nf6 7.O-O d6 8.Kh1 Nc6
9.Nxc6 bxc6 10.f4 Be7 11.Qe2 Nd7 12.b3 O-O 13.Bd2 Nc5 14.Rf3 d5 15.Re1 Re8
16.e5 g6 17.Be3 Nxd3 18.cxd3 c5 19.Bf2 Bb7 20.Rh3 Bc6 21.d4 cxd4 22.Bxd4 a5
23.Qe3 Bf8 24.Nd1 Bb7 25.Nf2 Qc2 26.Ng4 Bg7 27.Nf6+ Bxf6 28.exf6 Qf5 29.Qf3 e5
30.fxe5 Qxf3 31.Rxf3 Bc8 32.Rc3 h6 33.Kg1 Be6 34.Kf2 Reb8 35.Re2 a4 36.Ke3 Rb4
37.Rec2 axb3 38.axb3 Kh7 39.Rb2  1/2-1/2

[Event "Buenos Aires Konex"]
[Site "Buenos Aires"]
[Date "1991.??.??"]
[Round "8"]
[White "Rodriguez, Andres"]
[Black "Fiorito, Fabian"]
[Result "0-1"]
[WhiteElo "2315"]
[BlackElo "2435"]

1.e4 c5 2.Nf3 e6 3.d4 cxd4 4.Nxd4 a6 5.Nc3 Qc7 6.g3 Bb4 7.Ne2 Nf6 8.Bg2 Be7
9.O-O O-O 10.Nf4 Nc6 11.Nd3 d6 12.a4 Rb8 13.g4 Re8 14.Kh1 Bf8 15.f4 b5 16.axb5 axb5
17.g5 Nd7 18.Be3 b4 19.Na2 d5 20.e5 Ba6 21.Nac1 Bb5 22.Nb3 Rec8 23.Rf3 g6
24.Rh3 Ra8 25.Rxa8 Rxa8 26.Nf2 Ba4 27.Na1 Ne7 28.Bf1 Nf5 29.Bd3 Bc6 30.Kg1 Nxe3
31.Rxe3 Qa7 32.Re1 Qd4 33.Qc1 Bc5 34.Re2 Rxa1 35.Qxa1 Qxf4 36.Qa6 Nxe5 37.Kf1 Ng4
38.Qxc6 Bxf2 39.Qa6 Kg7 40.Qa1 Qf3  0-1

[Event "Buenos Aires Konex"]
[Site "Buenos Aires"]
[Date "1991.??.??"]
[Round "9"]
[White "Szmetan, Jorge"]
[Black "Lida, Fidel Ernesto"]
[Result "1-0"]
[WhiteElo "2385"]
[BlackElo "2250"]

1.e4 c5 2.Nf3 e6 3.d4 cxd4 4.Nxd4 a6 5.Nc3 Qc7 6.g3 Nf6 7.Bg2 Be7 8.O-O O-O
9.f4 d6 10.g4 Re8 11.g5 Nfd7 12.a4 Nc6 13.Nb3 Bf8 14.a5 b5 15.axb6 Qxb6+
16.Kh1 Bb7 17.Qe2 Rac8 18.Be3 Qc7 19.Rf3 Nb4 20.Rh3 g6 21.Qf2 Be7 22.Ra4 d5
23.exd5 Nxd5 24.Nxd5 exd5 25.c3 Bd6 26.Ra1 Re7 27.Bd4 h5 28.gxh6 Kh7 29.Rf1 Rg8
30.Nc1 a5 31.Nd3 Ba6 32.Bxd5 Rge8 33.f5 Nc5 34.fxg6+ fxg6 35.Qf6 Qd7 36.Bf7 Bb7+
37.Kg1 Bxh2+ 38.Kxh2 Re2+ 39.Nf2 Qc7+ 40.Kg1  1-0

[Event "BUL-ch"]
[Site "?"]
[Date "1991.??.??"]
[Round "1"]
[White "Petrov, Marijan"]
[Black "Peev, Peicho Chonev"]
[Result "1-0"]
[WhiteElo "2265"]
[BlackElo "2400"]

1.e4 c5 2.Nf3 e6 3.d4 cxd4 4.Nxd4 a6 5.Nc3 Ne7 6.f4 Nec6 7.Be3 Nxd4 8.Qxd4 Nc6
9.Qd2 b5 10.Bd3 d6 11.O-O Be7 12.Rad1 Qc7 13.Qf2 O-O 14.Kh1 Nb4 15.Bd4 Nc6
16.Bb6 Qb7 17.Be3 Bd7 18.Qg3 Rfe8 19.e5 d5 20.f5 Bf8 21.f6 g6 22.h4 Qc7 23.Bf4 Nb4
24.Bxg6 hxg6 25.h5 Bc6 26.hxg6 fxg6 27.Qxg6+ Bg7 28.Bh6 Qf7 29.Qg5 Kh7 30.Bxg7 Qg6
31.Qh4+ Kg8 32.f7+ Kxg7 33.fxe8=Q Bxe8 34.Rd4 Bf7 35.Qf6+ Qxf6 36.exf6+ Kf8
37.Rxb4 Bg6 38.Rh4 Kf7 39.Rf2 Rd8 40.Rd4 Rb8 41.a3 Re8 42.a4 bxa4 43.Rxa4  1-0

[Event "Burgas"]
[Site "Burgas"]
[Date "1991.??.??"]
[Round "7"]
[White "Levacic, Patrick"]
[Black "Angelov, Angel"]
[Result "0-1"]
[WhiteElo "2265"]
[BlackElo "2290"]

1.e4 c5 2.Nf3 e6 3.d4 cxd4 4.Nxd4 a6 5.Nc3 Qc7 6.Be2 Nf6 7.O-O Be7 8.Be3 d6
9.f4 O-O 10.Qe1 b5 11.Bf3 Bb7 12.a3 Nbd7 13.Qg3 Rfc8 14.e5 dxe5 15.fxe5 Ne8
16.Bxb7 Qxb7 17.Qf4 f6 18.exf6 Ndxf6 19.Qe5 Kh8 20.Qxe6 Bc5 21.Nf5 Rc6 22.Qb3 Ng4
23.Bxc5 Rxc5 24.Nh6 Nd6 25.Nxg4 Nc4 26.Rae1 h5 27.Ne4 Qb6 28.Ngf2 Rf5 29.Qh3 Raf8
30.g4 Re5 31.Qg3 Qe6 32.Ng5 Qd5 33.Rxe5 Nxe5 34.Qh4 Kg8 35.Qxh5 Rf7 36.Qh7+ Kf8
37.Qh8+ Ke7 38.Qh4 Rf6 39.Nge4 Nf3+ 40.Kg2 Nxh4+ 41.Kg3 Qe5+  0-1

[Event "Cappelle op"]
[Site "Cappelle la Grande"]
[Date "1991.??.??"]
[Round "?"]
[White "Guerra, Ugo"]
[Black "Kesmaecker, Philippe"]
[Result "1/2-1/2"]
[WhiteElo "2340"]
[BlackElo "2220"]

1.e4 c5 2.Nf3 e6 3.d4 cxd4 4.Nxd4 a6 5.Nc3 Qc7 6.g3 Nf6 7.Bg2 Nc6 8.O-O Be7
9.Re1 d6 10.Nxc6 bxc6 11.e5 dxe5 12.Rxe5 O-O 13.Re1 e5 14.Qe2 Re8 15.Qc4 Bd7
16.Be3 a5 17.Na4 Reb8 18.c3 Rb5 19.b3 Rc8 20.Rad1 Be6 21.Qe2 Bg4 22.f3 Bf5
23.Bf1 Re8 24.Qf2 Rd5 25.c4 Rxd1 26.Rxd1 Qb8 27.Bc5 Bd8 28.Rd6 e4 29.Qd4 e3
30.Be2 Bc7 31.Rxc6 Bxg3 32.Bd6 Bf2+ 33.Kh1 Qa8 34.Rc7 Re4 35.Qa7 Qd8 36.Be7 Rg4
37.h3 Rg3 38.Bxd8 Rxh3+ 39.Kg2 Rg3+  1/2-1/2

[Event "POL-ch"]
[Site "Cetniewo"]
[Date "1991.??.??"]
[Round "2"]
[White "Grabarczyk, Bogdan"]
[Black "Jaracz, Pawel"]
[Result "1/2-1/2"]
[WhiteElo "2325"]
[BlackElo "2300"]

1.e4 c5 2.Nf3 e6 3.d4 cxd4 4.Nxd4 a6 5.Nc3 Qc7 6.Be2 Nf6 7.O-O Nc6 8.Bg5 Be7
9.Nxc6 bxc6 10.Qd4 d5 11.e5 Nd7 12.Bxe7 Kxe7 13.f4 Rb8 14.Na4 c5 15.Qf2 f6
16.exf6+ gxf6 17.Rae1 Rg8 18.Nc3 Qd6 19.Bf3 Bb7 20.Qh4 Rg7 21.Bg4 d4 22.Ne4 Qc6
23.Bf3 Qb6 24.Ng3 Kf7 25.Qh5+ Kg8 26.Bxb7 Rxb7 27.b3 Rb8 28.Qe2 Re8 29.Qc4 Kf8
30.Rf2 Qb5 31.Qd3 Qxd3 32.cxd3 f5 33.Rfe2 Rge7 34.Rc1 Rb8 35.Nf1 Rb5 36.Rce1 Kf7
37.Nd2 Nb6 38.Nf3 h6 39.Ne5+ Kf6 40.Rf1 Nd5 41.Rf3 Nc3 42.Ref2 Nd5  1/2-1/2

[Event "Chiasso op"]
[Site "Chiasso"]
[Date "1991.??.??"]
[Round "?"]
[White "Mitkov, Nikola"]
[Black "Summermatter, Daniel"]
[Result "1-0"]
[WhiteElo "2370"]
[BlackElo "2320"]

1.e4 c5 2.Nc3 e6 3.Nf3 a6 4.d4 cxd4 5.Nxd4 d6 6.Bc4 Ne7 7.Bb3 Nec6 8.Be3 Be7
9.f4 O-O 10.Qf3 Nxd4 11.Bxd4 Nc6 12.Bf2 b5 13.O-O Rb8 14.Rad1 Qc7 15.Qh3 a5
16.a4 bxa4 17.Nxa4 Rb4 18.Rfe1 Re8 19.Qd3 Nb8 20.Bd4 Bd7 21.Ra1 Bf8 22.Bc3 Rb7
23.Re3 Nc6 24.Rh3 Nb4 25.Qg3 Bc6 26.Re1 Qd7 27.Qh4 h6 28.Ree3 Kh7 29.Reg3 e5
30.f5 Bxa4 31.Bd2 Bxb3 32.f6 Re6 33.Bxh6 gxh6 34.Qxh6+ Bxh6 35.Rg7+ Kh8 36.Rxh6+  1-0